| 000 | 00877nam a22001577a 4500 | ||
|---|---|---|---|
| 003 | OSt | ||
| 005 | 20151209104114.0 | ||
| 008 | 151209b xxu||||| |||| 00| 0 eng d | ||
| 040 | _cRUA | ||
| 082 | _aATM OUK 2007 B194 Or.1 | ||
| 100 |
_94578 _aOUK SOPHORN; អ៊ុក សោភាន់ |
||
| 245 | _aThe participation of local community to manage community in regional protection natural at promoy commune,eval veng district, pursat province, ការចូលរួមរបស់សហគមន៍មូលដ្ឋានក្នុងការគ្រប់គ្រងសហគមន៍តំបន់ការពារធនធានធម្មជាតិ នៅឃុំប្រម៉ោយ ស្រុកវាលវែង ខេត្តពោធិសាត់. | ||
| 260 |
_aPhnom Penh _bRUA _c2007 |
||
| 300 |
_axii; 42p. _bill. _c29cm. |
||
| 942 |
_2ddc _cATM |
||
| 999 |
_c4267 _d4267 |
||